| 000 | 00450 a2200169 4500 | ||
|---|---|---|---|
| 001 | 70757 | ||
| 020 | _a8516036863 | ||
| 040 | _cAnchieta - Itaigara | ||
| 100 | _aFerreira,Graça Maria Lemos | ||
| 240 | 1 | 0 |
_aModerno atlas geográfico _lpor |
| 245 | 1 | 0 | _aModerno atlas geográfico |
| 300 | _a56 | ||
| 362 | 0 | _a2003 | |
| 440 | 1 | _aModerna | |
| 650 | 4 | _aRepresentações gráficas da superficie da terra e do mundo extraterrestre.Atlas | |
| 942 | _cBK | ||
| 999 |
_c70757 _d70757 |
||